000
00359nam a22000977a 4500
100
_a
खाण्डेकर,सुधीर
_9
80590
245
_a
योगासन से कायाकल्प
260
_a
पिलानी
_b
श्वेता मल्टीमीडिया
_c
2018
650
_a
मेडिकल
_9
80591
942
_c
HIN
999
_c
63907
_d
63907